| 000 | 00727nam a2200217Ia 4500 | ||
|---|---|---|---|
| 003 | GCL | ||
| 008 | 140319s9999 xx 000 0 ara d | ||
| 040 |
_aGCL / _cGCL |
||
| 082 | 0 | 4 |
_a190 _bهـ ف |
| 100 | 1 | _aهازار، بول | |
| 245 | 1 | 0 |
_aالفكر الاوربى فى القرن الثامن عشر: من منتسكيو الى ليسنج / _cهازار، بول |
| 700 | 1 | _aمحمد غلاب (مترجم) | |
| 700 | 1 | _aابراهيم بيومى مدكور | |
| 250 | _aالاول | ||
| 260 |
_aبيروت : _b2000 للثقافة والنشر ، _c1985 |
||
| 300 |
_a597 ؛ _c20 سم |
||
| 490 | _a | ||
| 650 | 0 | 4 | _aالفلسفة الاوربية |
| 650 | 0 | 4 | _aالفلسفة الغربية |
| 942 |
_2ddc _cBK |
||
| 999 |
_c53619 _d53619 |
||